00895nam a2200217 a 450000100100000000500170001000800410002704000250006808200230009310000410011624501100015726000370026730000210030449000490032550000830037460000880045765000220054565000260056770000350059383000490062800003472320200930073849.0111019s1972 ag 000 f spa d aDO-SdBNPbspacBNPHU a863.5bP438d, 19721 aPérez Galdós, Benito,d1843-192010aDoña Perfecta /cBenito Pérez Galdós ; estudio preliminar y notas de Aurora Elvira Notari de Pando. aBuenos Aires :bKapelusz,c1972. a251 p. ;c16 cm.1 aGrandes obras de la literatura universalv84 aIncluye resumen cronológico de la vida y la obra de Benito Pérez Galdós.14aPÉREZ GALDÓS, BENITO,d1843-1920tDOÑA PERFECTAxCRÍTICA E INTERPRETACIÓN 4aNovela española 4aLiteratura española12aNotari de Pando, Aurora Elvira 0aGrandes obras de la literatura universalv84